00726nam a22002297a 45000010005000000030006000050050017000110080041000280200018000690400029000870500009001160820008001251000021001332450067001542600038002213000048002595050007003075200108003145210028004225210019004506500027004696550FISKH20250509093457.0250509b cb ||||| |||| 00| 0 eng d a9780439828253 aFISKHbengcFISKHdFISKH aPZ7  a258 aHamilton, Tisha  aTrollz : bFive times the trouble /cAdapted by Tisha Hamilton aNew York : bScholastic, c2006.  a32 pages : bcolor illustrations ; c23 cm  aK  aWhen the Trollz girls turn a friend into a block of ice, they must figure out a way to change him back.8 a510 bLexile estimate 8 aK bRaz-Plus  aTelevisionvFriendship